| 000 | 00861nam a22003370a 4500 | ||
|---|---|---|---|
| 001 | PT31697 | ||
| 003 | AR-LpoUNG | ||
| 005 | 20210131225844.0 | ||
| 008 | 191001s1971||||ag |||||||||||||||||spa d | ||
| 040 |
_aAR-LpoUNG _bspa _cAR-LpoUNG _eaacr |
||
| 041 | _aspa | ||
| 044 | _aag | ||
| 082 | 0 | _a982.062 578per | |
| 100 | 1 | _aCiria, Alberto | |
| 245 | 1 | 0 | _aPerón y el justicialismo |
| 250 | _a1§ edición | ||
| 260 |
_aBuenos Aires : _bSiglo Veintiuno, _c1971. |
||
| 300 |
_a193 p. : _bil., tbls., gráfs., mapas |
||
| 650 | 4 | _aARGENTINA | |
| 650 | 4 | _aASPECTOS POLITICOS | |
| 650 | 4 | _aHISTORIA POLITICA | |
| 650 | 4 | _aHISTORIA SOCIAL | |
| 650 | 4 | _aIDEOLOGIAS POLITICAS | |
| 650 | 4 | _aLIDERAZGO | |
| 650 | 4 | _aPARTIDOS POLITICOS | |
| 650 | 4 | _aPODER POLITICO | |
| 653 | _aJUSTICIALISMO | ||
| 653 | _aPERONISMO | ||
| 905 | _a31697 | ||
| 942 | _cLIB | ||
| 999 |
_c186 _d186 |
||